000 00778nas a2200241 4500
001 BR0706182
003 BR-BrBNA
005 20231205111240.0
007 ta
008 230509b bl.|||p| |||| 00| 00por d
040 _aBR-BrBNA
_bpor
_cBiblioteca Nacional de Agricultura
041 _a(Pt)
072 _aL70
100 1 _aMucciolo, R.G.
245 1 _aContribuição ao estudo do tratamento cirúrgico da obstrução do esôfogo no cão
650 _aCIRURGIA
650 _aESÔFAGO
650 _aCÃO
650 _aAPARELHO DIGESTIVO
773 0 _tRevista da Faculdade de Medicina Veterinária e Zootecnia da Universidade de São Paulo (Brazil)
_xISSN 0303-7525
_g(1972), v. 9 p. 13-42
_wBR0706182
909 _a202311
_bLúcia
_c55
_dLúcia Elande
942 _2AGRIS
_n0
_cANA
999 _c191605
_d191605